| 000 | 00523nam a2200193Ia 4500 | ||
|---|---|---|---|
| 005 | 20250508153916.0 | ||
| 008 | 008 250505s9999 xx 000 0 eng d | ||
| 037 | _aBooks to be hide in OPAC | ||
| 040 |
_aFEDL _beng _cFEDL |
||
| 041 |
_aeng _2eng |
||
| 084 |
_a378.34, IND/O _qFEDL |
||
| 245 | 0 | _aScholarships for studies abroad | |
| 245 | 0 | _cIndia. Education (Ministry of...) | |
| 260 | _c1960 | ||
| 300 | _a34p. | ||
| 546 | _aWeeded out | ||
| 942 |
_cHB _h378.34, IND/O |
||
| 999 |
_c1346303 _d1346303 |
||